MARC details
| 000 -LEADER |
| fixed length control field |
03486cas a2200889 i 4500 |
| 001 - CONTROL NUMBER |
| control field |
19025118 |
| 003 - CONTROL NUMBER IDENTIFIER |
| control field |
OSt |
| 005 - DATE AND TIME OF LATEST TRANSACTION |
| control field |
20260220103854.0 |
| 006 - FIXED-LENGTH DATA ELEMENTS--ADDITIONAL MATERIAL CHARACTERISTICS |
| fixed length control field |
m o d |
| 007 - PHYSICAL DESCRIPTION FIXED FIELD--GENERAL INFORMATION |
| fixed length control field |
cr cn||||||||| |
| 008 - FIXED-LENGTH DATA ELEMENTS--GENERAL INFORMATION |
| fixed length control field |
020501c19899999enkqr pso 0 a0eng c |
| 015 ## - NATIONAL BIBLIOGRAPHY NUMBER |
| National bibliography number |
GBA604610 |
| Source |
bnb |
| 020 ## - INTERNATIONAL STANDARD BOOK NUMBER |
| International Standard Book Number |
978-93-5111-356-0 |
| 029 1# - OTHER SYSTEM CONTROL NUMBER (OCLC) |
| OCLC library identifier |
AU@ |
| System control number |
000023538117 |
| 029 1# - OTHER SYSTEM CONTROL NUMBER (OCLC) |
| OCLC library identifier |
AU@ |
| System control number |
000041484426 |
| 029 1# - OTHER SYSTEM CONTROL NUMBER (OCLC) |
| OCLC library identifier |
AU@ |
| System control number |
000043824451 |
| 029 1# - OTHER SYSTEM CONTROL NUMBER (OCLC) |
| OCLC library identifier |
AU@ |
| System control number |
000044061885 |
| 029 1# - OTHER SYSTEM CONTROL NUMBER (OCLC) |
| OCLC library identifier |
AU@ |
| System control number |
000044918757 |
| 029 1# - OTHER SYSTEM CONTROL NUMBER (OCLC) |
| OCLC library identifier |
AU@ |
| System control number |
000045705477 |
| 029 1# - OTHER SYSTEM CONTROL NUMBER (OCLC) |
| OCLC library identifier |
NZ1 |
| System control number |
16239582 |
| 029 1# - OTHER SYSTEM CONTROL NUMBER (OCLC) |
| OCLC library identifier |
NZ1 |
| System control number |
16281237 |
| 029 1# - OTHER SYSTEM CONTROL NUMBER (OCLC) |
| OCLC library identifier |
NZ1 |
| System control number |
6889712 |
| 029 1# - OTHER SYSTEM CONTROL NUMBER (OCLC) |
| OCLC library identifier |
OCLCS |
| System control number |
6679 |
| 029 1# - OTHER SYSTEM CONTROL NUMBER (OCLC) |
| OCLC library identifier |
OCLCS |
| System control number |
OP-601 |
| 029 1# - OTHER SYSTEM CONTROL NUMBER (OCLC) |
| OCLC library identifier |
UKMGB |
| System control number |
013355048 |
| 029 1# - OTHER SYSTEM CONTROL NUMBER (OCLC) |
| OCLC library identifier |
AU@ |
| System control number |
000067725286 |
| 035 ## - SYSTEM CONTROL NUMBER |
| System control number |
(OCoLC)49698284 |
| 037 ## - SOURCE OF ACQUISITION |
| Source of stock number/acquisition |
Carfax International Publishers, PO Box 25, Abingdon, Oxfordshire, OX14 3UE, UK |
| 040 ## - CATALOGING SOURCE |
| Original cataloging agency |
IUL |
| Language of cataloging |
eng |
| Description conventions |
rda |
| -- |
pn |
| Transcribing agency |
IUL |
| Modifying agency |
OCLCQ |
| -- |
F#A |
| -- |
EYM |
| -- |
OCLCQ |
| -- |
MUQ |
| -- |
LGG |
| -- |
OCLCQ |
| -- |
UKMGB |
| -- |
VRC |
| -- |
OCLCQ |
| -- |
OCLCF |
| -- |
OCLCO |
| -- |
OCLCQ |
| -- |
WT2 |
| -- |
NLE |
| -- |
DLC |
| -- |
OCLCQ |
| -- |
AU@ |
| -- |
VT2 |
| -- |
OCLCQ |
| -- |
UEJ |
| -- |
SRU |
| -- |
OCLCO |
| -- |
OCL |
| -- |
OCLCQ |
| -- |
CUS |
| -- |
OCLCQ |
| -- |
CSU |
| -- |
XFH |
| -- |
LND |
| -- |
OCLCQ |
| 042 ## - AUTHENTICATION CODE |
| Authentication code |
pcc |
| 082 04 - DEWEY DECIMAL CLASSIFICATION NUMBER |
| Classification number |
371.822 |
| Assigning agency |
OCoLC |
| Edition number |
21/eng/20230216 |
| 210 0# - ABBREVIATED TITLE |
| Abbreviated title |
Gend. educ. |
| Qualifying information |
(Online) |
| 222 #0 - KEY TITLE |
| Key title |
Gender and education |
| Qualifying information |
(Online) |
| 245 00 - TITLE STATEMENT |
| Title |
Gender and education. |
| Statement of responsibility, etc. |
by Selvam, Panneer S.K. and Devi, R. |
| 246 1# - VARYING FORM OF TITLE |
| Display text |
Some providers have title: |
| Title proper/short title |
Gender & education |
| 260 ## - PUBLICATION, DISTRIBUTION, ETC. |
| Place of publication, distribution, etc. |
New Delhi |
| Name of publisher, distributor, etc. |
Random Publications |
| Date of publication, distribution, etc. |
2014 |
| 300 ## - PHYSICAL DESCRIPTION |
| Extent |
1 online resource |
| 310 ## - CURRENT PUBLICATION FREQUENCY |
| Current publication frequency |
Quarterly |
| 321 ## - FORMER PUBLICATION FREQUENCY |
| Former publication frequency |
Three no. a year, |
| Dates of former publication frequency |
-1996 |
| 336 ## - CONTENT TYPE |
| Content type term |
text |
| Content type code |
txt |
| Source |
rdacontent |
| 337 ## - MEDIA TYPE |
| Media type term |
computer |
| Media type code |
c |
| Source |
rdamedia |
| 338 ## - CARRIER TYPE |
| Carrier type term |
online resource |
| Carrier type code |
cr |
| Source |
rdacarrier |
| 362 1# - DATES OF PUBLICATION AND/OR SEQUENTIAL DESIGNATION |
| Dates of publication and/or sequential designation |
Began with Volume 1, issue 1 (1989). |
| 500 ## - GENERAL NOTE |
| General note |
Some volumes have also a distinctive title. |
| 538 ## - SYSTEM DETAILS NOTE |
| System details note |
Mode of access: World Wide Web. |
| 588 0# - SOURCE OF DESCRIPTION NOTE |
| Source of description note |
Volume 1, issue 1 (1989); title from introductory page, viewed May 1, 2002. |
| 588 1# - SOURCE OF DESCRIPTION NOTE |
| Source of description note |
Volume 30, issue 1 (2018) (online viewed January 3, 2018). |
| 650 #0 - SUBJECT ADDED ENTRY--TOPICAL TERM |
| Topical term or geographic name entry element |
Sex discrimination in education |
| Form subdivision |
Periodicals. |
| 650 #0 - SUBJECT ADDED ENTRY--TOPICAL TERM |
| Topical term or geographic name entry element |
Sex role |
| General subdivision |
Study and teaching |
| Form subdivision |
Periodicals. |
| 650 #0 - SUBJECT ADDED ENTRY--TOPICAL TERM |
| Topical term or geographic name entry element |
Women |
| General subdivision |
Education |
| Form subdivision |
Periodicals. |
| 650 #0 - SUBJECT ADDED ENTRY--TOPICAL TERM |
| Topical term or geographic name entry element |
Sex discrimination in education |
| General subdivision |
Periodicals. |
| 650 #0 - SUBJECT ADDED ENTRY--TOPICAL TERM |
| Topical term or geographic name entry element |
Sex role |
| Form subdivision |
Periodicals. |
| 650 #0 - SUBJECT ADDED ENTRY--TOPICAL TERM |
| Topical term or geographic name entry element |
Women |
| General subdivision |
Education |
| -- |
Periodicals. |
| 650 #6 - SUBJECT ADDED ENTRY--TOPICAL TERM |
| Topical term or geographic name entry element |
Discrimination sexuelle en éducation |
| General subdivision |
Périodiques. |
| 650 #6 - SUBJECT ADDED ENTRY--TOPICAL TERM |
| Topical term or geographic name entry element |
Rôle selon le sexe |
| Form subdivision |
Périodiques. |
| 650 #6 - SUBJECT ADDED ENTRY--TOPICAL TERM |
| Topical term or geographic name entry element |
Femmes |
| General subdivision |
Éducation |
| -- |
Périodiques. |
| 650 #6 - SUBJECT ADDED ENTRY--TOPICAL TERM |
| Topical term or geographic name entry element |
Discrimination sexuelle en éducation |
| Form subdivision |
Périodiques. |
| 650 #6 - SUBJECT ADDED ENTRY--TOPICAL TERM |
| Topical term or geographic name entry element |
Rôle selon le sexe |
| General subdivision |
Étude et enseignement |
| Form subdivision |
Périodiques. |
| 650 #6 - SUBJECT ADDED ENTRY--TOPICAL TERM |
| Topical term or geographic name entry element |
Femmes |
| General subdivision |
Éducation |
| Form subdivision |
Périodiques. |
| 650 #7 - SUBJECT ADDED ENTRY--TOPICAL TERM |
| Topical term or geographic name entry element |
Education (General) |
| Source of heading or term |
ebps |
| 650 #7 - SUBJECT ADDED ENTRY--TOPICAL TERM |
| Topical term or geographic name entry element |
Gender Studies. |
| Source of heading or term |
ebps |
| 650 #7 - SUBJECT ADDED ENTRY--TOPICAL TERM |
| Topical term or geographic name entry element |
Sex role. |
| Source of heading or term |
fast |
| Authority record control number or standard number |
(OCoLC)fst01114598 |
| 650 #7 - SUBJECT ADDED ENTRY--TOPICAL TERM |
| Topical term or geographic name entry element |
Sex discrimination in education. |
| Source of heading or term |
fast |
| Authority record control number or standard number |
(OCoLC)fst01114399 |
| 650 #7 - SUBJECT ADDED ENTRY--TOPICAL TERM |
| Topical term or geographic name entry element |
Sex role |
| General subdivision |
Study and teaching. |
| Source of heading or term |
fast |
| Authority record control number or standard number |
(OCoLC)fst01114637 |
| 650 #7 - SUBJECT ADDED ENTRY--TOPICAL TERM |
| Topical term or geographic name entry element |
Women |
| General subdivision |
Education. |
| Source of heading or term |
fast |
| Authority record control number or standard number |
(OCoLC)fst01176670 |
| 650 17 - SUBJECT ADDED ENTRY--TOPICAL TERM |
| Topical term or geographic name entry element |
Onderwijs. |
| Source of heading or term |
gtt |
| 650 17 - SUBJECT ADDED ENTRY--TOPICAL TERM |
| Topical term or geographic name entry element |
Seksen. |
| Source of heading or term |
gtt |
| 653 ## - INDEX TERM--UNCONTROLLED |
| Uncontrolled term |
Education Women |
| 655 #7 - INDEX TERM--GENRE/FORM |
| Genre/form data or focus term |
Periodicals. |
| Source of term |
fast |
| Authority record control number or standard number |
(OCoLC)fst01411641 |
| 776 08 - ADDITIONAL PHYSICAL FORM ENTRY |
| Relationship information |
Print version : |
| Title |
Gender and education |
| International Standard Serial Number |
0954-0253 |
| Record control number |
(DLC)sn 89026420 |
| -- |
(OCoLC)19946680 |
| 906 ## - LOCAL DATA ELEMENT F, LDF (RLIN) |
| a |
7 |
| b |
cbc |
| c |
sercoop |
| d |
2 |
| e |
ncip |
| f |
20 |
| g |
n-oclcserc |
| 942 ## - ADDED ENTRY ELEMENTS (KOHA) |
| Source of classification or shelving scheme |
Dewey Decimal Classification |
| Koha item type |
Books |